00358pab a2200133 454500008004000000100001800040245003500058260000900093300001200102362001000114650003800124650002800162773003400190180718b2009 xxu||||| |||| 00| 0 eng d aAcharya, Alka aWhither India-China relations? c2009 ap.8-12. a7 Nov aIndia - Foreign relations - China aInternational relations aEconomic and Political Weekly